रूय्यक - कृत अलंकार - सर्वस्व की टीकाओं का अध्ययन (Record no. 887520)

MARC details
000 -LEADER
fixed length control field 01063nam a2200253Ia 4500
003 - CONTROL NUMBER IDENTIFIER
control field OSt
005 - DATE AND TIME OF LATEST TRANSACTION
control field 20220930094706.0
008 - FIXED-LENGTH DATA ELEMENTS--GENERAL INFORMATION
fixed length control field 220926b |||||||| |||| 00| 0 hin d
037 ## - SOURCE OF ACQUISITION
Terms of availability Theses
040 ## - CATALOGING SOURCE
Original cataloging agency CRL
Transcribing agency CRL
Language of cataloging hin
041 ## - LANGUAGE CODE
Source of code hin
Language code of text/sound track or separate title hin
100 ## - MAIN ENTRY--PERSONAL NAME
Personal name मिश्र, देवेन्द्र, ले.
110 ## - MAIN ENTRY--CORPORATE NAME
Corporate name or jurisdiction name as entry element दिल्ली विश्वविद्यालय. संकाय कला. हिन्दी विभाग
245 #0 - TITLE STATEMENT
Title रूय्यक - कृत अलंकार - सर्वस्व की टीकाओं का अध्ययन
246 ## - VARYING FORM OF TITLE
Title proper/short title Rūyyak - kṛut alankār - sarvasva kī ṭīkāoan kā adhyayana
260 ## - PUBLICATION, DISTRIBUTION, ETC.
Date of publication, distribution, etc. 1988
650 ## - SUBJECT ADDED ENTRY--TOPICAL TERM
Topical term or geographic name entry element हिन्दी साहित्य
700 ## - ADDED ENTRY--PERSONAL NAME
Personal name दिल्ली विश्वविद्यालय. संकाय कला. हिन्दी विभाग
942 ## - ADDED ENTRY ELEMENTS (KOHA)
Koha item type Dissertations
Source of classification or shelving scheme Colon Classification (CC)

No items available.

Copyright @ Delhi University Library System